000 02169cam a22005894i 4500
003 PE-LiUPU
005 20250731170423.0
008 150623s1993 ag a r 000 0 spa d
020 _a9501210049
020 _a9788448602321
035 _a(Sirsi) i9789501210040
040 _aPE-LiUPU
_bspa
_cPE-LiUPU
_dPE-LiUPU
_erda
049 _aPRUA
082 0 4 _a153.42
_bB72
_221
100 1 _aBono, Edward de,
_eautor.
245 1 3 _aEl pensamiento práctico :
_bcuatro caminos para estar en lo correcto. Cinco caminos para estar equivocado. Cinco caminos para entender /
_cEdward de Bono.
264 1 _aBuenos Aires :
_bEditorial Paidós,
_c1993.
300 _a199 páginas :
_bilustraciones ;
_c22 centímetros.
336 _atext
_2rdacontent
337 _aunmediated
_2rdamedia
338 _avolume
_2rdacarrier
490 0 _aPaidós empresa ;
_v4
505 0 _aSaber cómo actuar -- El experimento del cilindro negro -- Los cinco caminos para aprender -- La utilidad del comprender -- Dos procesos básicos del pensamiento -- Los cinco caminos para estar equivocado -- Los cuatro caminos para estar en lo correcto -- El sistema si/no -- Humor intuición y PO -- Imaginación -- Creatividad -- La atención y las pistas.
526 _aSEG68
526 _aSEG70
526 _aSEG69
526 _aSEG67
526 _aSEG43
526 _aP144
526 _aP143
526 _aP131
526 _aP122
526 _aP120
526 _aP117
526 _aP112
526 _aP110
526 _aP106
526 _aP101
526 _aP80
526 _aP59
526 _aP54
526 _aP35
526 _aP33
526 _aP30
650 0 4 _aPensamiento.
942 _2ddc
_cBOOK
949 _a153.42 B72
_wDEWEY
_c1
_i49345
_lCCODEBUL1
_mBUL
_r0
_sY
_tBOOK
_u2015-6-24
_xEDUCACION
_zUNKNOWN
_0COMPRA
_o.STAFF. Colección Ciencias de la Salud
994 _aC0
_bPEPRU
596 _a1
999 _a153.42 B72
_wDEWEY
_c28955
_i49345
_f2021-11-3
_g5
_lCCODEBUL1
_mBUL
_p19.90
_r0
_sY
_tBOOK
_u2015-6-24
_xSALUD
_zUNKNOWN
_0COMPRA
_o.STAFF. Colección Ciencias de la Salud
_d28955
980 _81
_gALBERTO SANCHEZ Responsable de Automatización